| 000 | 00622 a2200205 4500 | ||
|---|---|---|---|
| 999 |
_c4337 _d4337 |
||
| 005 | 20180924123033.0 | ||
| 010 | _aENG-86245 | ||
| 020 |
_a9788120330788 _c395.00 |
||
| 035 | _aEN-69778, A-933813 | ||
| 037 | _bDBAD / PUB | ||
| 082 | 1 | 4 | _a004.6 |
| 100 | _aStalling, William | ||
| 245 | 1 |
_aData and computer communications / _cby William Stallings |
|
| 250 | _a8th ed. | ||
| 260 |
_aNew Delhi _bPrentice-Hall of India _c1997 |
||
| 270 |
_aM-97, Connaught Circus _bNew Delhi _cNew Delhi _e110 001 |
||
| 300 |
_axvii, 798p. _c25cm. (Pbk) |
||
| 500 | _aIncludes index | ||
| 942 |
_adpl _cEN _2ddc _h004.6 _mSTA |
||